Score 0/14 Timer 01:00
2 Plays Today
% Correct
Lisa
94.6%
Pearl
91.6%
Poker
90.9%
Starry
90.1%
Water
84.3%
Sunday
84%
Night
81.4%
% Correct
Gothic
79.7%
Memory
73.4%
Mother
71.3%
Three
71.3%
Son
69.3%
Gypsy
59.2%
Flower
51.9%

Today's Daily Dose

Remove Ads.
Support Sporcle.
Get the best of Sporcle when you Go Orange. This ad-free experience offers more features, more stats, and more fun while also helping to support Sporcle. Thank you for becoming a member.

You're not logged in!

Compare scores with friends on all Sporcle quizzes.
OR
Log In

Show Comments

Extras

Top Quizzes Today


Score Distribution

Your Account Isn't Verified!

In order to create a playlist on Sporcle, you need to verify the email address you used during registration. Go to your Sporcle Settings to finish the process.

Report this User

Report this user for behavior that violates our Community Guidelines.

Details: